00516nam a2200145Ia 4500020001800000082002500018100001700043245005100060260003700111300001000148504010900158650003300267650003500300650003500335 a0-582-78381-x aRR 910.309174927 GRO aGroom, Nigel 0aDictionary of Arabic topography and placenames aLibraire du libanbLongmanc1983 a369p. aA transliterated Arabic-English dictionary with an Arabic glossary of topographical words and placenames aNames, Geographical (Arabic) aArabic language - Dictionaries aGeography, Arab - Dictionaries